Teória riadenia 3 Optimalizácia

Bibliographic Details
Main Author: Šalamon, Miroslav, 1912-1984 (Author)
Format: Book
Language:Slovak
PhysicalDescription:85, [3] s. grafy, sch., tab. 4°
Published: Bratislava Slovenská vysoká škola technická 1975
Edition:2. vyd., 1. dotlač
Subjects:

MARC

LEADER 00000cam a2200000 a 4500
001 vtls008324635
003 SK-MaSNL
005 20260301123053.0
008 240315s1975 xo a p 000 0 slo
015 |a SNBA1975/03-00763 
035 |a SK01SNK19750016852 
035 |a SKM000019315 
040 |a SNK  |b slo  |c SNK  |e AACR2 
041 0 |a slo 
044 |a xo  |c SK 
080 |a 519.7(075.8)  |2 1981 
080 |a 681.5(075.8)  |2 1981 
100 1 |a Šalamon, Miroslav,  |d 1912-1984  |4 aut  |9 37326 
245 1 0 |a Teória riadenia  |n 3  |p Optimalizácia  |c Miroslav Šalamon 
246 3 0 |a Optimalizácia 
250 |a 2. vyd., 1. dotlač 
260 |a Bratislava  |b Slovenská vysoká škola technická  |c 1975 
300 |a 85, [3] s.  |b grafy, sch., tab.  |c 4° 
366 |e 100 výt. 
504 |a Bibliogr. 
650 0 7 |a teória riadenia  |2 SNKPH  |9 1152 
650 0 7 |a optimalizácia riadenia  |2 SNK  |9 469545 
655 7 |a učebnice vysokých škôl  |2 SNKPH  |9 70191 
958 |a OND 
958 |a RM 
958 |a RK 
958 |a NB 
958 |a UV 
999 |c 735001  |d 736931 
952 |a SNK  |b SNK  |y PREZ  |7 0  |p 17A0920576  |o snkSB 22003/3  |i snkKSP 2904/75  |0 0  |1 0  |4 0  |d 2014-06-04  |f 1  |l 0  |r 2025-03-26 00:00:00  |w 2026-02-23 
952 |a SNK  |b SNK  |y VYP  |7 0  |o snkSB 22003/3 D1  |i snkKSP 2905/75  |0 0  |1 0  |4 0  |d 2014-06-04  |l 0  |r 2026-02-23 22:41:46  |w 2026-02-23